000 00652nam a22001937a 4500
008 150304b xxu||||| |||| 00| 0 eng d
020 _a9780688103262
050 _aGN281.4.M4 1990
100 _aMcCrone, John
_915765
245 _aThe Ape that spoke :
_blanguage and the evolution of the human mind
_c/ by John McCrone
260 _aNew York
_bWilliam Morrow and company
_c1990
300 _a288p. ;
_c24cm.
650 _aHuman evolution
_915766
650 _aBrain
_xEvolution
_914694
650 _aLanguage and languages
_xorigin
_914516
650 _aSelf-perception
_915767
650 _aConsciousness
_915768
942 _2lcc
_cMONOGRAPH
999 _c122271
_d122271